Országimázs

Bibliográfiai részletek
Szerző: Gulyás Krisztina
További közreműködők: Szilágyi dr. Zoltán
Dokumentumtípus: Diplomadolgozat
Kulcsszavak:Országimázs
imázs
marketingstratégia
Online Access:http://dolgozattar.uni-bge.hu/6268

MARC

LEADER 00000nta a2200000 i 4500
001 dolg6268
005 20160513152704.0
008 160513suuuu hu om 000 hun d
040 |a BGE Dolgozattár Repozitórium  |b hun 
041 |a hu 
100 1 |a Gulyás Krisztina 
245 1 0 |a Országimázs  |c Gulyás Krisztina  |h [elektronikus dokumentum] 
246 1 1 |a Országimázs 
246 1 1 |a Country image 
695 |a Országimázs 
695 |a imázs 
695 |a marketingstratégia 
700 1 |a Szilágyi dr. Zoltán  |e ths 
856 4 0 |u http://dolgozattar.uni-bge.hu/6268/1/Magyarorsz%C3%A1g%20orsz%C3%A1gim%C3%A1zsa.Guly%C3%A1s%20Krisztina%20%20krisztinaviola%40gmail.com.pdf  |z Dokumentum-elérés